00660nam a2200217 a 45000010005000000030009000050050017000140080041000310200015000720200015000870400038001020820020001401000019001602450065001792500012002442600039002563000047002955040051003426500026003937000023004191718BD-DhUAP20200129114152.0200129r1989 njua b 001 0 eng d a0205118100 a0205120180 aBD-DhUAPcBD-DhUAPdBD-DhUAPbEng00a338.544 HAN2231 aHanke, John E.10aBusiness forecasting /cJohn E. Hanke and Arthur G. Reitsch. a3rd ed. aLondon :bAllyn and bacon,cc1989. axiii, 530 pages :billustrations ;c24 cm. aIncludes bibliographical references and index. 0aBusiness forecasting. aReitsch, Arthur G.